=LDR 00000nam 2200000 4500 =001 INLIS000000000010040 =005 20130612101758 =008 ***********************************Ind** =035 ##$$0010-061300000010040 =041 ##$$a Ind =082 ##$$a 435 =090 ##$$a 435, Per b =100 ##$$a Pora, Yusran =245 ##$$a Belajar muda bahasa Jerman untuk pemula, Yusran Para =260 ##$$a 2003 $b Yogyakarta =300 ##$$a 328 hlm, 20 cm =650 ##$$a bahasa Jerman-Tata bahasa =850 ##$$a NBPNMAT